| 000 | 00542cam a2200193ua 4500 | ||
|---|---|---|---|
| 001 | 6679 | ||
| 008 | 140308n ii |||gr||||Z||||||eng | ||
| 020 | _a81-207-1518-7 | ||
| 040 | _cMAIN | ||
| 082 | _a658.3 | ||
| 245 |
_aPersonnel administration and management _cBy S.L. Goel |
||
| 250 | _a3ed rev & enl ed. | ||
| 260 |
_aNew delhi: _bSterling publishers private limited, _c1995. |
||
| 300 | _axii,461p. | ||
| 653 | _aGeneral management | ||
| 653 | _aPersonnel administration and management | ||
| 700 |
_aGoel,S.L., _eAuthor. |
||
| 942 | _cBK | ||
| 999 |
_c5828 _d5828 |
||